000 00584nam a2200193Ia 4500
001 10909
003 GE_BSU
008 181216s||||||||xx |||||||||||||| ||und||
040 _cGE_BSU
245 _aЭнциклопедический словарь
245 _bТ.2а=: Ауто-Банки.
260 _aС.-Петербургь
260 _bТиро-Литография
260 _c1891.
300 _a946стр,илл,24см.
520 _aИзд: Ф.А.Брокгаузь,И.А.Ефронь.
653 _aЭнциклопедический словарь
942 _cBK
999 _c44151
_d44151